[Event "DEN-ch Landsholdsklassen 2021"]
[Site "Svendborg"]
[Date "2021.10.23"]
[Round "8.3"]
[White "Antonsen, Mikkel"]
[Black "Rasmussen, Allan Stig"]
[Result "0-1"]
[WhiteElo "2409"]
[BlackElo "2566"]
[Annotator "TA"]
[PlyCount "84"]
[EventDate "2021.10.16"]
[EventType "tourn"]
[EventCountry "DEN"]
[SourceTitle "playchess.com"]
[Source "ChessBase"]
[SourceQuality "1"]

{[%evp 11,84,8,16,23,70,61,90,89,91,95,103,52,48,54,49,54,86,41,36,16,43,-20,-13,-10,-19,-17,-16,-19,-17,-32,-21,-99,-99,-99,-99,-99,-102,-152,-153,-332,-318,-410,-404,-647,-614,-639,-634,-652,-649,-701,0,-303,0,-677,-315,-315,-119,-99,0,-315,-315,-315,-315,-315,-315,-368,-367,-356,-361,-345,-347,-527,-520,-514,-504]} 1. d4 Nf6 2. c4 e6 3. Nc3 Bb4 4. Qc2 d6 5. a3 Bxc3+ 6. Qxc3 Nbd7 {6...0-0 is more advanced technology.} 7. f3 {[#] E32: Nimzo-Indian: Classical (4 Qc2): 4...0-0.} Nh5 $146 {And now ...Qh4+ would win.} ({Predecessor:} 7... a5 8. e4 e5 9. Ne2 a4 10. Be3 O-O 11. O-O-O b6 12. g4 Ra5 13. h4 Re8 14. h5 h6 {1-0 (84) Riazantsev,A (2671)-Melkumyan,H (2633) Doha 2016}) 8. g4 Nhf6 9. e4 {White is better.} c5 10. dxc5 Nxc5 11. b4 ({White should play} 11. Be3 $16) 11... Na4 $14 12. Qb3 Bd7 13. Be3 Rc8 14. Ne2 ({Not} 14. Bxa7 $2 b6 $19) 14... O-O 15. Rd1 (15. Bxa7 $2 b6 $19) 15... Qc7 16. Nc3 ({Don't blunder} 16. Bxa7 $2 b6 $19) (16. g5 $14 Ne8 17. Rc1) 16... Nxc3 $11 17. Qxc3 Ba4 18. Rd2 Nd7 19. Kf2 ({Don't go for} 19. Bxa7 $2 b6 $19) 19... Ne5 20. Be2 f5 21. gxf5 (21. exf5 $1 $11 exf5 22. g5) 21... exf5 $17 22. exf5 Rxf5 {...Bc6 is the strong threat.} 23. f4 Qe7 {Strongly threatening ...Qh4+.} 24. h4 Rcf8 25. Qd4 (25. c5 $17) 25... Bc6 $19 26. Rh2 Ng6 $1 {[%csl LRf4,LRh4][%cal Rf5f4][%mdl 64] Threatens to win with ...Rxf4+. Double Attack} 27. Qxd6 (27. Ke1 $142 Nxf4 28. b5 Ng2+ 29. Rxg2 Bxg2 30. Kd1) 27... Qe8 {[%cal Rg6f4]} 28. Rd4 R5f6 29. Qc7 R6f7 30. Qd6 Rf6 (30... Rd7 $142 31. Qc5 Re7) 31. Qc7 R6f7 $2 (31... Qe6 32. Bd2 Re8) 32. Qd6 Re7 (32... Rd7 $142 33. Qc5 Re7) 33. Rh3 {[#]} Re6 $2 (33... Nxf4 $1 $19 {[%mdl 512]} 34. Rxf4 (34. Qxf4 Rxf4+) 34... Rxf4+ 35. Qxf4 Rf7) 34. Qc7 $17 Re7 $2 (34... Re5 $17 {aiming for ...Nxf4!} 35. Rg3 Re7) 35. Qd6 $19 {[#]} Nxf4 $1 {[%mdl 512]} 36. Rxf4 (36. Qxf4 Rxf4+) 36... Rxf4+ 37. Qxf4 {Black must now prevent c5.} Rf7 38. Qxf7+ Qxf7+ 39. Ke1 Qe6 40. Rg3 Qe5 41. Bf2 (41. Kf2 $142) 41... Qa1+ 42. Kd2 Qb2+ {Weighted Error Value: White=0.34/Black=0.57} 0-1

[Event "DEN-ch Landsholdsklassen 2021"]
[Site "Svendborg"]
[Date "2021.10.23"]
[Round "8.4"]
[White "Schandorff, Lars"]
[Black "Rewitz, Poul"]
[Result "1/2-1/2"]
[WhiteElo "2458"]
[BlackElo "2264"]
[Annotator "ChessBase"]
[PlyCount "87"]
[EventDate "2021.10.16"]
[EventType "tourn"]
[EventCountry "DEN"]
[SourceTitle "playchess.com"]
[Source "ChessBase"]
[SourceQuality "1"]
[TimeControl "40/5400+30:1800+30"]

1. d4 {[%emt 0:00:27]} f5 {[%emt 0:00:38]} 2. Nf3 {[%emt 0:00:30]} Nf6 {[%emt 0:00:21]} 3. Bf4 {[%emt 0:00:04]} c6 {[%emt 0:01:47]} 4. e3 {[%emt 0:01:13]} d6 {[%emt 0:00:28]} 5. Be2 {[%emt 0:01:07]} g6 {[%emt 0:01:24]} 6. c4 {[%emt 0:01:45]} Bg7 {[%emt 0:02:00]} 7. Nc3 {[%emt 0:00:08]} Na6 {[%emt 0:01:25]} 8. O-O {[%emt 0:01:36]} O-O {[%emt 0:00:13]} 9. Bg3 {[%emt 0:10:32]} Nc7 {[%emt 0:03:18]} 10. b4 {[%emt 0:02:28]} Kh8 {[%emt 0:10:41]} 11. a4 {[%emt 0:18:54]} Be6 {[%emt 0:01:21]} 12. Nd2 {[%emt 0:02:42]} Bg8 {[%emt 0:04:30]} 13. Rc1 {[%emt 0:03:10]} Qe8 {[%emt 0:04:00]} 14. c5 {[%emt 0:02:53]} Rd8 {[%emt 0:02:18]} 15. Qc2 {[%emt 0:05:03]} Nfd5 {[%emt 0:06:13]} 16. Nxd5 {[%emt 0:18:09]} Nxd5 {[%emt 0:01:20]} 17. b5 {[%emt 0:00:51]} f4 {[%emt 0:04:47]} 18. Bxf4 {[%emt 0:04:20]} Nxf4 {[%emt 0:01:49]} 19. exf4 {[%emt 0:00:03]} Rxf4 {[%emt 0:05:11]} 20. bxc6 {[%emt 0:04:21]} bxc6 {[%emt 0:02:12]} 21. Nf3 {[%emt 0:04:52]} Bd5 {[%emt 0:03:44]} 22. Rfe1 {[%emt 0:01:47]} Qf7 {[%emt 0:07:32]} 23. Bc4 {[%emt 0:04:13]} dxc5 {[%emt 0:11:13]} 24. Bxd5 {[%emt 0:02:11]} Rxd5 {[%emt 0:01:06]} 25. Ne5 {[%emt 0:01:27]} Qf6 {[%emt 0:07:11]} 26. Qe2 {[%emt 0:03:52]} Rfxd4 {[%emt 0:03:54]} 27. Nc4 {[%emt 0:00:23]} h5 {[%emt 0:07:05]} 28. h3 {[%emt 0:00:11]} e5 {[%emt 0:00:42]} 29. Rc3 {[%emt 0:01:51]} e4 {[%emt 0:00:45]} 30. Re3 {[%emt 0:00:29]} Qf5 {[%emt 0:00:51]} 31. Rxe4 {[%emt 0:00:45]} Rxe4 {[%emt 0:00:46]} 32. Qxe4 {[%emt 0:00:05]} Qxe4 {[%emt 0:00:26]} 33. Rxe4 {[%emt 0:00:01]} Rd4 {[%emt 0:00:47]} 34. f3 {[%emt 0:00:57]} Rd1+ {[%emt 0:02:20]} 35. Kf2 {[%emt 0:00:31]} Ra1 {[%emt 0:00:30]} 36. a5 {[%emt 0:00:46]} Ra4 {[%emt 0:00:33]} 37. Ke3 {[%emt 0:00:27]} Bd4+ {[%emt 0:00:34]} 38. Kd3 {[%emt 0:00:06]} Ra2 {[%emt 0:00:23]} 39. Re2 {[%emt 0:01:14]} Rxe2 {[%emt 0:01:43]} 40. Kxe2 {[%emt 0:00:02]} Kg7 {[%emt 0:00:32]} 41. Kd3 {[%emt 0:07:51]} Kf6 {[%emt 0:01:21]} 42. Ke4 {[%emt 0:01:38]} h4 {[%emt 0:05:45]} 43. a6 {[%emt 0:03:10]} Ke6 {[%emt 0:01:12]} 44. Na5 {[%emt 0:03:11]} 1/2-1/2

[Event "DEN-ch Landsholdsklassen 2021"]
[Site "Svendborg"]
[Date "2021.10.23"]
[Round "8.5"]
[White "Fries-Nielsen, Jens Ove"]
[Black "Haubro, Martin"]
[Result "1/2-1/2"]
[WhiteElo "2378"]
[BlackElo "2426"]
[Annotator "ChessBase"]
[PlyCount "61"]
[EventDate "2021.10.16"]
[EventType "tourn"]
[EventCountry "DEN"]
[SourceTitle "playchess.com"]
[Source "ChessBase"]
[SourceQuality "1"]
[TimeControl "40/5400+30:1800+30"]

1. d4 {[%emt 0:02:18]} d5 {[%emt 0:00:06]} 2. c4 {[%emt 0:00:34]} e6 {[%emt 0:00:20]} 3. Nc3 {[%emt 0:00:28]} a6 {[%emt 0:01:02]} 4. cxd5 {[%emt 0:00:20]} exd5 {[%emt 0:00:05]} 5. Qb3 {[%emt 0:00:08]} Nf6 {[%emt 0:03:48]} 6. Bg5 {[%emt 0:00:28]} c5 {[%emt 0:01:52]} 7. Bxf6 {[%emt 0:04:00]} gxf6 {[%emt 0:00:04]} 8. Qxd5 {[%emt 0:02:21]} Qb6 {[%emt 0:10:55]} 9. O-O-O {[%emt 0:10:18]} Be6 {[%emt 0:00:42]} 10. Qe4 {[%emt 0:06:51]} cxd4 {[%emt 0:00:06]} 11. Qxd4 {[%emt 0:00:14]} Bc5 {[%emt 0:16:15]} 12. Qxf6 {[%emt 0:01:58]} Rg8 {[%emt 0:01:54]} 13. Na4 {[%emt 0:20:02]} Qa5 {[%emt 0:02:52]} 14. Nxc5 {[%emt 0:01:26]} Qxc5+ {[%emt 0:00:05]} 15. Qc3 {[%emt 0:00:16]} Nd7 {[%emt 0:27:40]} 16. Kb1 {[%emt 0:22:17]} Qxf2 {[%emt 0:02:49]} 17. Nh3 {[%emt 0:00:33]} Qh4 {[%emt 0:12:43]} 18. e4 {[%emt 0:02:14]} Nf6 {[%emt 0:02:55]} 19. Qe3 {[%emt 0:06:34]} Qxe4+ {[%emt 0:04:53]} 20. Qxe4 {[%emt 0:00:51]} Nxe4 {[%emt 0:00:05]} 21. Bd3 {[%emt 0:00:42]} Bxh3 {[%emt 0:01:59]} 22. gxh3 {[%emt 0:08:10]} Nf2 {[%emt 0:00:05]} 23. Bxh7 {[%emt 0:01:33]} Rh8 {[%emt 0:02:06]} 24. Rhe1+ {[%emt 0:00:53]} Kf8 {[%emt 0:00:09]} 25. Rd2 {[%emt 0:00:17]} Rxh7 {[%emt 0:01:43]} 26. Rxf2 {[%emt 0:00:08]} Rxh3 {[%emt 0:00:07]} 27. Ref1 {[%emt 0:02:15]} Rh7 {[%emt 0:00:05]} 28. Rc1 {[%emt 0:00:28]} Re8 {[%emt 0:02:08]} 29. Rc3 {[%emt 0:00:51]} Rh6 {[%emt 0:01:14]} 30. Kc2 {[%emt 0:00:37]} Re7 {[%emt 0:01:12]} 31. Kd2 {[%emt 0:00:38]} 1/2-1/2

[Event "DEN-ch Landsholdsklassen 2021"]
[Site "Svendborg"]
[Date "2021.10.24"]
[Round "9.2"]
[White "Thybo, Jesper Sondergaard"]
[Black "Fries-Nielsen, Jens Ove"]
[Result "1-0"]
[WhiteElo "2602"]
[BlackElo "2378"]
[Annotator "TA"]
[PlyCount "65"]
[EventDate "2021.10.16"]
[EventType "tourn"]
[EventCountry "DEN"]
[SourceTitle "playchess.com"]
[Source "ChessBase"]
[SourceQuality "1"]

{[%evp 10,64,33,24,52,43,54,39,62,56,65,58,79,25,51,44,73,60,145,143,123,107,121,118,142,122,131,111,272,289,296,297,302,291,405,397,369,301,286,307,287,295,304,288,280,260,252,281,348,355,343,322,1387,1356,2981,2523,29999]} 1. d4 Nf6 2. c4 e6 3. g3 c5 4. d5 exd5 5. cxd5 d6 6. Nc3 Na6 {A60: Modern Benoni: Early Divergences.} 7. Bg2 Nc7 8. a4 Be7 {White is slightly better.} 9. Nf3 O-O 10. O-O Bd7 {[#]} 11. Qd3 $146 ({White should try} 11. e4 $16) ({Predecessor:} 11. Nd2 b5 12. axb5 Bxb5 13. Nxb5 Nxb5 14. e3 Re8 15. Nc4 a5 16. Bd2 Qb8 17. Rxa5 {½-½ (85) Malka,S (2231)-Fries Nielsen,J (2359) Chess.com INT 2021}) 11... Rb8 12. e4 Nfe8 13. Bf4 b5 (13... Na6 $14) 14. axb5 $16 Nxb5 15. h4 f6 16. Rfb1 Nec7 17. Nxb5 Bxb5 18. Qd1 Ba6 $2 {[#] A mistake that costs the game.} (18... Bd7 $16 {is a better defense.}) 19. b4 $1 $18 {[%cal Rb4c5]} Rxb4 20. Rxb4 cxb4 21. Nd4 Bb7 22. Rxa7 Qb8 23. Ra4 Na6 24. Bf1 Nc5 25. Rxb4 {Black must now prevent Nb3.} Qc7 26. Rc4 Qd7 27. h5 Ba6 {[#]} 28. Rxc5 {[%mdl 512]} dxc5 (28... Bxf1 29. Rc2) 29. Nf5 {And now Qg4! would win.} ({Weaker is} 29. Bxa6 cxd4 30. Qxd4 Bd6 $14) 29... Bc8 30. Qg4 {[%csl Gf5][%cal Rg4g7]} Bd8 $2 {[#]} (30... Rf7 31. Bb5 Qxb5) 31. Ba6 $1 {[%mdl 512] Bxc8 would kill now.} Kh8 (31... Qxf5 32. exf5) 32. Bxc8 {[%mdl 64] Overworked Piece} Qxc8 33. Qxg7# {Weighted Error Value: White=0.08/Black=0.53} 1-0

[Event "DEN-ch Landsholdsklassen 2021"]
[Site "Svendborg"]
[Date "2021.10.24"]
[Round "9.3"]
[White "Haubro, Martin"]
[Black "Schandorff, Lars"]
[Result "0-1"]
[WhiteElo "2426"]
[BlackElo "2458"]
[Annotator "ChessBase"]
[PlyCount "60"]
[EventDate "2021.10.16"]
[EventType "tourn"]
[EventCountry "DEN"]
[SourceTitle "playchess.com"]
[Source "ChessBase"]
[SourceQuality "1"]
[TimeControl "40/5400+30:1800+30"]

1. e4 {[%emt 0:00:03]} e5 {[%emt 0:00:14]} 2. Nf3 {[%emt 0:00:04]} Nc6 {[%emt 0:00:06]} 3. Bb5 {[%emt 0:00:03]} Nf6 {[%emt 0:00:30]} 4. d3 {[%emt 0:00:21]} Bc5 {[%emt 0:00:19]} 5. c3 {[%emt 0:00:05]} d5 {[%emt 0:00:57]} 6. exd5 {[%emt 0:08:15]} Qxd5 {[%emt 0:00:25]} 7. Bc4 {[%emt 0:00:03]} Qd6 {[%emt 0:00:22]} 8. O-O {[%emt 0:00:06]} Bb6 {[%emt 0:02:31]} 9. Qe2 {[%emt 0:14:31]} O-O {[%emt 0:02:39]} 10. b4 {[%emt 0:09:20]} Bg4 {[%emt 0:14:54]} 11. a4 {[%emt 0:05:11]} a6 {[%emt 0:04:40]} 12. h3 {[%emt 0:02:31]} Bh5 {[%emt 0:01:02]} 13. Nbd2 {[%emt 0:01:15]} Nd5 {[%emt 0:09:53]} 14. Ne4 {[%emt 0:01:40]} Qd8 {[%emt 0:00:54]} 15. a5 {[%emt 0:14:19]} Ba7 {[%emt 0:01:25]} 16. Qa2 {[%emt 0:03:53]} Nde7 {[%emt 0:15:13]} 17. Nh2 {[%emt 0:05:25]} Kh8 {[%emt 0:06:41]} 18. Be3 {[%emt 0:04:52]} f5 {[%emt 0:07:04]} 19. Ng5 {[%emt 0:02:16]} Qd6 {[%emt 0:03:38]} 20. Bxa7 {[%emt 0:01:01]} Nxa7 {[%emt 0:00:39]} 21. Rae1 {[%emt 0:00:12]} Nec6 {[%emt 0:07:03]} 22. Bf7 {[%emt 0:06:55]} Qf6 {[%emt 0:00:47]} 23. Bxh5 {[%emt 0:00:16]} Qxg5 {[%emt 0:00:05]} 24. Bf3 {[%emt 0:00:14]} Rad8 {[%emt 0:01:01]} 25. Qc4 {[%emt 0:03:53]} Rd6 {[%emt 0:00:53]} 26. Re3 {[%emt 0:05:51]} Qd8 {[%emt 0:01:07]} 27. Rd1 {[%emt 0:02:11]} e4 {[%emt 0:02:54]} 28. Be2 {[%emt 0:00:04]} Ne5 {[%emt 0:00:33]} 29. Qc5 {[%emt 0:00:23]} Nac6 {[%emt 0:00:14]} 30. d4 {[%emt 0:02:29]} b6 {[%emt 0:02:01]} 0-1

[Event "DEN-ch Landsholdsklassen 2021"]
[Site "Svendborg"]
[Date "2021.10.24"]
[Round "9.4"]
[White "Chatalbashev, Boris"]
[Black "Borge, Nikolaj"]
[Result "1-0"]
[WhiteElo "2536"]
[BlackElo "2381"]
[Annotator "TA"]
[PlyCount "59"]
[EventDate "2021.10.16"]
[EventType "tourn"]
[EventCountry "DEN"]
[SourceTitle "playchess.com"]
[Source "ChessBase"]
[SourceQuality "1"]

{[%evp 20,59,-3,-13,-6,-20,-2,-8,-16,-20,-18,-25,189,175,173,181,145,158,400,384,470,493,483,466,475,489,554,520,647,616,610,526,528,509,597,595,598,575,722,709,832,817]} 1. c4 c5 2. Nf3 Nc6 3. Nc3 e5 4. g3 g6 5. Bg2 Bg7 6. O-O d6 7. a3 Nge7 8. Rb1 a5 9. d3 O-O 10. Bd2 Rb8 11. Qa4 Bd7 {A37: Symmetrical English vs ...g6: 4 Bg2 Bg7 5 Nf3.} 12. Nb5 d5 13. Rfd1 b6 {The position is equal.} 14. b4 {[%cal Bb2b4,Bb4c5][%mdl 32] [#]} e4 $146 ({Predecessor:} 14... axb4 15. axb4 Nd4 16. bxc5 Nxb5 17. cxb5 bxc5 18. Qa7 Rxb5 19. Rxb5 Bxb5 20. Qxc5 Qd7 {1-0 (34) Arutinian,D (2562)-Andreev,E (2458) Pardubice 2011}) 15. dxe4 dxc4 (15... dxe4 $11 16. Ng5 axb4 17. axb4 Nd4 18. Bxe4 h6) 16. Bf4 $18 Na7 {[#] ...Qe8 is the strong threat.} 17. Bxb8 Nxb5 18. bxc5 Nc3 $2 (18... Qxb8 $16 19. cxb6 (19. Rxd7 Nc3 $16) (19. Rxb5 Bxb5 20. Qxb5 c3 $16) 19... Nc8) 19. Qxd7 Qxd7 20. Rxd7 {White is clearly winning.} Nxb1 21. Bd6 ({Stronger than} 21. Rxe7 Rxb8 22. c6 Rc8 $11) 21... c3 22. Ne1 ({Not} 22. Bxe7 c2 $18) 22... bxc5 {and the idea ...Nc6 leaves Black hopeful.} 23. Bxe7 Rc8 24. Nc2 Nd2 25. Rd8+ Rxd8 26. Bxd8 a4 27. Be7 Nb3 28. e3 f5 29. exf5 gxf5 30. Bd5+ {Black did not feel at home in the position after the opening.  Weighted Error Value: White=0.07/Black=0.58} 1-0

[Event "DEN-ch Landsholdsklassen 2021"]
[Site "Svendborg"]
[Date "2021.10.24"]
[Round "9.5"]
[White "Rewitz, Poul"]
[Black "Antonsen, Mikkel"]
[Result "0-1"]
[WhiteElo "2264"]
[BlackElo "2409"]
[Annotator "ChessBase"]
[PlyCount "70"]
[EventDate "2021.10.16"]
[EventType "tourn"]
[EventCountry "DEN"]
[SourceTitle "playchess.com"]
[Source "ChessBase"]
[SourceQuality "1"]
[TimeControl "40/5400+30:1800+30"]

1. f4 {[%emt 0:00:11]} d5 {[%emt 0:00:11]} 2. Nf3 {[%emt 0:00:48]} Bg4 {[%emt 0:00:08]} 3. e3 {[%emt 0:03:01]} Nd7 {[%emt 0:00:16]} 4. h3 {[%emt 0:01:13]} Bxf3 {[%emt 0:00:10]} 5. Qxf3 {[%emt 0:00:14]} c6 {[%emt 0:01:21]} 6. d4 {[%emt 0:04:07]} e6 {[%emt 0:00:36]} 7. Bd3 {[%emt 0:01:20]} h5 {[%emt 0:03:19]} 8. g3 {[%emt 0:13:47]} f5 {[%emt 0:00:07]} 9. c4 {[%emt 0:04:47]} Ngf6 {[%emt 0:01:00]} 10. cxd5 {[%emt 0:02:42]} cxd5 {[%emt 0:00:05]} 11. Nc3 {[%emt 0:05:49]} a6 {[%emt 0:00:15]} 12. Qg2 {[%emt 0:03:26]} Kf7 {[%emt 0:01:32]} 13. Bd2 {[%emt 0:04:48]} Rc8 {[%emt 0:01:34]} 14. O-O {[%emt 0:04:55]} Bd6 {[%emt 0:03:16]} 15. Rac1 {[%emt 0:02:56]} Qe7 {[%emt 0:00:08]} 16. Nd1 {[%emt 0:10:43]} Rxc1 {[%emt 0:01:21]} 17. Bxc1 {[%emt 0:00:06]} Nb6 {[%emt 0:01:01]} 18. Nf2 {[%emt 0:01:36]} g6 {[%emt 0:01:05]} 19. Bd2 {[%emt 0:04:49]} Bb4 {[%emt 0:00:37]} 20. Bxb4 {[%emt 0:01:55]} Qxb4 {[%emt 0:00:06]} 21. b3 {[%emt 0:08:36]} Qd2 {[%emt 0:01:17]} 22. Qf3 {[%emt 0:02:33]} Qxa2 {[%emt 0:00:31]} 23. Qd1 {[%emt 0:00:22]} Rc8 {[%emt 0:00:23]} 24. Bb1 {[%emt 0:00:30]} Qa3 {[%emt 0:03:49]} 25. Nd3 {[%emt 0:00:11]} Rc3 {[%emt 0:00:27]} 26. Bc2 {[%emt 0:09:03]} Ne4 {[%emt 0:00:52]} 27. Ne5+ {[%emt 0:01:15]} Kg7 {[%emt 0:00:04]} 28. g4 {[%emt 0:03:53]} hxg4 {[%emt 0:00:57]} 29. hxg4 {[%emt 0:00:16]} Rxe3 {[%emt 0:00:14]} 30. Bxe4 {[%emt 0:01:03]} dxe4 {[%emt 0:00:36]} 31. gxf5 {[%emt 0:02:33]} exf5 {[%emt 0:00:58]} 32. Qc1 {[%emt 0:00:52]} Qxb3 {[%emt 0:01:16]} 33. Qc7+ {[%emt 0:01:34]} Kh6 {[%emt 0:00:09]} 34. Kf2 {[%emt 0:00:31]} Rh3 {[%emt 0:00:13]} 35. Nf7+ {[%emt 0:00:47]} Kh5 {[%emt 0:00:05]} 0-1